Z jakiego kraju są te gwiazdy afrykańskiej piłki? - Statystyki

Ogólne statystyki
  • Ten quiz został rozwiązany 169 razy
  • Średni wynik to 13 z 25
Statystyki odpowiedzi
Zawodnik Kraj % Poprawnych
Sadio Mane Senegal
99%
Samuel Eto'o Kamerun
92%
Riyad Mahrez Algieria
89%
Didier Drogba Wybrzeże Kości Słoniowej
87%
Mohamed Salah Egipt
84%
Pierre-Emerick Aubameyang Gabon
83%
Achraf Hakimi Maroko
82%
Jay-Jay Okocha Nigeria
74%
George Weah Liberia
61%
Abedi Pele Ayew Ghana
60%
Naby Keita Gwinea
52%
Geoffrey Kondogbia Republika Środkowoafrykańska
46%
Wahbi Khazri Tunezja
44%
Emmanuel Adebayor Togo
38%
Cedric Bakambu Demokratyczna Republika Konga
37%
Victor Wanyama Kenia
36%
Eusebio Mozambik
34%
Patson Daka Zambia
34%
Seydou Keita Mali
29%
Steven Pienaar Republika Południowej Afryki
28%
Ze Luis Republika Zielonego Przylądka
23%
Kebba Ceesay Gambia
19%
Pedro Obiang Gwinea Równikowa
14%
Mbawana Samatta Tanzania
14%
Casimir Ninga Czad
13%
Nie znaleziono quizów pasujących do podanych kryteriów
Rozkład punktacji
Procent ludzi z każdym wynikiem
Percentyl według liczby udzielonych odpowiedzi
Twoja historia wyników
Nie rozwiązałeś tego quizu